[Event "ARG-ch sf 84th"]
[Site "La Plata"]
[Date "2009.05.03"]
[Round "6"]
[White "Gomez, Ruben"]
[Black "Pastor, Juan Martin"]
[Result "0-1"]
[WhiteElo "1893"]
[BlackElo "1998"]
[PlyCount "48"]
[EventDate "2009.04.30"]
[EventType "swiss"]
[EventRounds "9"]
[EventCountry "ARG"]
[SourceTitle "CBM 130 Extra"]
[Source "ChessBase"]
[SourceDate "2009.07.02"]
[SourceVersion "2"]
[SourceVersionDate "2009.07.15"]
[SourceQuality "1"]

1. d4 Nc6 2. c4 e5 3. dxe5 Nxe5 4. e4 Nf6 5. Bf4 Nc6 6. Nc3 Bb4 7. Bd3 Qe7 8. Qe2 d6 9. Nf3 Bg4 10. Qc2 Bxf3 11. gxf3 0-0-0 12. Be3 Bc5 13. Bxc5 dxc5 14. 0-0-0 Nb4 15. Qe2 Nh5 16. Bb1 Nf4 17. Qe3 Qg5 18. Rhe1 Rxd1+ 19. Nxd1 Qe5 20. Qa3 Rd8 21. Bc2 Qd4 22. Qe3 Qxc4 23. Qc3 Ne2+ 24. Rxe2 Qxe2 0-1

[Event "ARG-ch sf 84th"]
[Site "La Plata"]
[Date "2009.04.30"]
[Round "1"]
[White "Tristan, Leonardo"]
[Black "Pastor, Juan Martin"]
[Result "1-0"]
[WhiteElo "2393"]
[BlackElo "1998"]
[PlyCount "51"]
[EventDate "2009.04.30"]
[EventType "swiss"]
[EventRounds "9"]
[EventCountry "ARG"]
[SourceTitle "CBM 130 Extra"]
[Source "ChessBase"]
[SourceDate "2009.07.02"]
[SourceVersion "2"]
[SourceVersionDate "2009.07.15"]
[SourceQuality "1"]

1. e4 c5 2. Nc3 d6 3. Nf3 Nf6 4. d4 cxd4 5. Nxd4 g6 6. Be3 Bg7 7. f3 0-0 8. Qd2 Nc6 9. Bc4 Bd7 10. 0-0-0 Ne5 11. Bb3 Rb8 12. h4 b5 13. h5 Nc4 14. Bxc4 bxc4 15. hxg6 fxg6 16. Kb1 a5 17. Ka1 a4 18. a3 Qc7 19. Nde2 Qb7 20. Rb1 Rfd8 21. g4 Bc6 22. Nf4 Qc8 23. g5 Ne8 24. Qh2 h5 25. gxh6 Bxc3 26. h7+ 1-0

[Event "Platense-ch"]
[Site "La Plata"]
[Date "2008.11.12"]
[Round "1"]
[White "Pastor, Juan Martin"]
[Black "Giampa, Alejandro"]
[Result "0-1"]
[WhiteElo "1998"]
[BlackElo "2237"]
[PlyCount "65"]
[EventDate "2008.11.12"]
[EventType "tourn"]
[EventRounds "9"]
[EventCountry "ARG"]
[SourceTitle "EXT 2019"]
[Source "ChessBase"]
[SourceDate "2018.10.10"]
[SourceVersion "1"]
[SourceVersionDate "2018.10.10"]
[SourceQuality "1"]

1. e4 c5 2. Nf3 Nc6 3. d4 cxd4 4. Nxd4 g6 5. Nc3 Bg7 6. Be3 Nf6 7. f3 0-0 8. g4 d6 9. Qd2 Be6 10. h4 h5 11. Nf5 Bxf5 12. gxf5 Ne5 13. 0-0-0 Nxf3 14. Qg2 Ne5 15. Bf4 Nfg4 16. Be2 Kh7 17. Rhg1 Rc8 18. Bxe5 Nxe5 19. Bxh5 Bh6+ 20. Kb1 gxh5 21. Qe2 Rg8 22. Qxh5 Rxg1 23. Rxg1 Rxc3 24. f6 Ng6 25. fxe7 Qxe7 26. bxc3 Qxe4 27. Rf1 Ne5 28. Rf6 Qe1+ 29. Kb2 Qc1+ 30. Kb3 Kg7 31. Rxd6 Qb1+ 32. Ka4 Qxa2+ 33. Kb5 0-1

[Event "ARG-ch sf 83rd"]
[Site "Buenos Aires"]
[Date "2008.07.21"]
[Round "1"]
[White "Pastor, Juan Martin"]
[Black "Quiroga, Facundo"]
[Result "0-1"]
[WhiteElo "1964"]
[BlackElo "2339"]
[PlyCount "114"]
[EventDate "2008.07.21"]
[EventType "swiss"]
[EventRounds "9"]
[EventCountry "ARG"]
[SourceTitle "CBM 125 Extra"]
[Source "ChessBase"]
[SourceDate "2008.09.01"]
[SourceVersion "1"]
[SourceVersionDate "2008.09.01"]
[SourceQuality "1"]

1. e4 c5 2. Nf3 d6 3. d4 cxd4 4. Nxd4 Nf6 5. Nc3 a6 6. Bg5 e6 7. f4 Qb6 8. Qd2 Qxb2 9. Rb1 Qa3 10. f5 Nc6 11. Nxc6 bxc6 12. Bxf6 gxf6 13. Be2 h5 14. Rb3 Qc5 15. Na4 Qe5 16. Nb6 Bh6 17. Qc3 Qxc3+ 18. Rxc3 Rb8 19. Nxc8 Rxc8 20. Bxa6 Rc7 21. 0-0 Ke7 22. Rb1 Ra8 23. Rb7 Kd8 24. Rxc7 Kxc7 25. Bc4 Kd7 26. Bb3 h4 27. Kf2 Ra5 28. Rf3 Bg5 29. Ke2 Re5 30. fxe6+ fxe6 31. Kd3 Ke7 32. g4 hxg3 33. hxg3 Bc1 34. a4 Rg5 35. Kc3 Ba3 36. Bc4 Rg4 37. Bd3 d5 38. exd5 cxd5 39. Kb3 Bd6 40. a5 Rb4+ 41. Kc3 Ra4 42. a6 e5 43. Rf1 e4 44. Be2 d4+ 45. Kb3 Rb4+ 46. Ka2 Bxg3 47. Rb1 Rxb1 48. Kxb1 Bb8 49. Bg4 Kd6 50. Kc1 Ke5 51. Kd2 f5 52. Be2 f4 53. c3 d3 54. Bf1 f3 55. Ke3 Ba7+ 56. Kd2 Kf4 57. Bh3 Kg3 0-1